[Event "GER-ch U12"]
[Site "Willingen"]
[Date "2009.06.04"]
[Round "8"]
[White "Donchenko, Alexander"]
[Black "Toews, Manuel"]
[Result "1/2-1/2"]
[WhiteElo "1984"]
[BlackElo "1863"]
[PlyCount "44"]
[EventDate "2009.05.30"]
[EventType "swiss"]
[EventRounds "11"]
[EventCountry "GER"]
[SourceTitle "EXT 2010"]
[Source "ChessBase"]
[SourceDate "2010.11.25"]
[SourceVersion "1"]
[SourceVersionDate "2010.11.25"]
[SourceQuality "1"]

1. d4 Nf6 2. Nf3 g6 3. g3 Bg7 4. Bg2 d6 5. 0-0 0-0 6. b3 Nbd7 7. Bb2 c5 8. c4 Rb8 9. Nc3 a6 10. a4 Ne8 11. dxc5 Nxc5 12. b4 Nd7 13. a5 b6 14. axb6 Nxb6 15. Qb3 Be6 16. Nd2 Qc8 17. Nd5 Nxd5 18. cxd5 Bd7 19. Bxg7 Kxg7 20. Rfc1 Qb7 21. Rab1 Nf6 22. Qe3 Bf5 1/2-1/2

[Event "GER-ch U12"]
[Site "Willingen"]
[Date "2009.06.03"]
[Round "6"]
[White "Hirschmann, Jakob"]
[Black "Toews, Manuel"]
[Result "0-1"]
[WhiteElo "1678"]
[BlackElo "1863"]
[PlyCount "98"]
[EventDate "2009.05.30"]
[EventType "swiss"]
[EventRounds "11"]
[EventCountry "GER"]
[SourceTitle "EXT 2010"]
[Source "ChessBase"]
[SourceDate "2010.11.25"]
[SourceVersion "1"]
[SourceVersionDate "2010.11.25"]
[SourceQuality "1"]

1. e4 c5 2. Nc3 Nc6 3. g3 g6 4. Bg2 Bg7 5. d3 d6 6. Be3 e6 7. Qd2 Nd4 8. Rc1 Qa5 9. f4 Ne7 10. Nf3 0-0 11. a3 Nec6 12. 0-0 Rb8 13. Kh1 b5 14. Nd1 Qxd2 15. Nxd2 b4 16. a4 Ba6 17. Rg1 Ne2 18. Rb1 Nxg1 19. Bxg1 Bd4 20. Ne3 Bxe3 21. Bxe3 Nd4 22. Bxd4 cxd4 23. Nf3 b3 24. cxb3 Bxd3 25. Rd1 Bxe4 26. Nxd4 Bxg2+ 27. Kxg2 a6 28. Rd3 Rb6 29. a5 Rb7 30. Nf3 Rb5 31. b4 d5 32. Rb3 Rfb8 33. Ne5 Rxb4 34. Rc3 Rxb2+ 35. Kh3 f6 36. Ng4 R2b7 37. Rc6 Kf7 38. Rxa6 Ke7 39. Kg2 Rd7 40. Nf2 Rb3 41. Ra8 d4 42. a6 Ra3 43. Rh8 Rxa6 44. Ne4 Ra2+ 45. Kg1 d3 46. Rxh7+ Kd8 47. Rxd7+ Kxd7 48. h4 d2 49. Nxd2 Rxd2 0-1

[Event "GER-ch U12"]
[Site "Willingen"]
[Date "2009.05.30"]
[Round "1"]
[White "Priese, Annika"]
[Black "Toews, Manuel"]
[Result "1-0"]
[WhiteElo "1446"]
[BlackElo "1863"]
[PlyCount "61"]
[EventDate "2009.05.30"]
[EventType "swiss"]
[EventRounds "11"]
[EventCountry "GER"]
[SourceTitle "EXT 2010"]
[Source "ChessBase"]
[SourceDate "2010.11.25"]
[SourceVersion "1"]
[SourceVersionDate "2010.11.25"]
[SourceQuality "1"]

1. e4 c5 2. Nf3 d6 3. d4 cxd4 4. Nxd4 Nf6 5. Nc3 a6 6. f3 e6 7. Be3 Be7 8. Qd2 b5 9. g4 Bb7 10. 0-0-0 0-0 11. Bh3 Qd7 12. g5 Ne8 13. Bg4 Nc6 14. Nxc6 Bxc6 15. h4 b4 16. Ne2 d5 17. e5 a5 18. h5 a4 19. g6 b3 20. Kb1 bxa2+ 21. Ka1 Rb8 22. h6 fxg6 23. hxg7 Rf7 24. Nf4 Nxg7 25. Qh2 Nf5 26. Bxf5 gxf5 27. Rdg1+ Kf8 28. Qh6+ Ke8 29. Rg8+ Bf8 30. Bc5 Re7 31. Qxf8# 1-0

[Event "Stuttgart-chA int"]
[Site "Ditzingen"]
[Date "2009.05.23"]
[Round "5"]
[White "Stein, Carsten"]
[Black "Toews, Manuel"]
[Result "0-1"]
[WhiteElo "1972"]
[BlackElo "1863"]
[PlyCount "102"]
[EventDate "2009.05.21"]
[EventType "swiss"]
[EventRounds "7"]
[EventCountry "GER"]
[SourceTitle "EXT 2018"]
[Source "ChessBase"]
[SourceDate "2017.10.13"]
[SourceVersion "1"]
[SourceVersionDate "2017.10.13"]
[SourceQuality "1"]

1. e4 c5 2. c3 d5 3. exd5 Qxd5 4. Nf3 Nf6 5. d4 Bg4 6. Be2 e6 7. 0-0 Nc6 8. Be3 cxd4 9. cxd4 Bd6 10. h3 Bh5 11. Nc3 Qa5 12. Qb3 Qb4 13. Qxb4 Bxb4 14. a3 Ba5 15. b4 Bb6 16. Na4 0-0 17. Nc5 Bxc5 18. dxc5 Nd5 19. Bd2 Rad8 20. Rfd1 Rd7 21. Ne5 Nxe5 22. Bxh5 Rfd8 23. Be2 Nc6 24. Bg5 f6 25. Bh4 g5 26. Bg3 Nc3 27. Re1 Nxe2+ 28. Rxe2 e5 29. f3 Rd2 30. Rxd2 Rxd2 31. Bf2 a6 32. Kf1 Kf7 33. Ke1 Rd7 34. Ke2 Ke6 35. Rb1 Nd4+ 36. Bxd4 Rxd4 37. Rd1 Kd5 38. Rxd4+ exd4 39. Kd3 f5 40. g3 h5 41. g4 fxg4 42. fxg4 h4 43. a4 a5 44. c6 bxc6 45. b5 cxb5 46. axb5 Kc5 47. b6 Kxb6 48. Kxd4 a4 49. Kc4 Ka5 50. Kc3 Kb5 51. Kb2 Kc5 0-1